| 000 | 00721nam a22001937a 4500 | ||
|---|---|---|---|
| 999 |
_c61750 _d61750 |
||
| 005 | 20240426162253.0 | ||
| 008 | 240426s2008 enk||||| |||| 00| 0 eng d | ||
| 020 | _a9781846288685x | ||
| 041 | _aeng | ||
| 080 | _a616.132. A-18 | ||
| 245 |
_aAcute Coronary Syndrome: _bMultidisciplinary and Pathway-Based Approach / _cEdited by Mun K. Hong, Eyal Herzog. |
||
| 264 |
_aLondon : _bSpringer, _c2008. |
||
| 300 |
_a326 p.; _b24 cm. |
||
| 653 | _aმწვავე კორონარული სინდრომი | ||
| 653 | _aმედიცინა | ||
| 700 |
_aHong, Mun K. _eრედაქტორი _921959 |
||
| 700 |
_aHerzog, Eyal _eრედაქტორი _921960 |
||
| 942 |
_2udc _cᲬᲘᲒᲜᲘ |
||